Les 20 meilleurs buteurs en LDC sur une saison. - Statistiques

Statistiques générales
  • Ce quiz a été pris 4 226 fois
  • Le résultat moyen est 16 sur 20
Statistiques - réponses
buts joueurs saison % Correct
17 Cristiano Ronaldo 13/14
100%
16 Cristiano Ronaldo 15/16
100%
15 Cristiano Ronaldo 17/18
100%
12 Cristiano Ronaldo 12/13
100%
12 Cristiano Ronaldo 16/17
100%
14 Lionel Messi 11/12
99%
12 Lionel Messi 18/19
99%
12 Lionel Messi 10/11
99%
11 Lionel Messi 16/17
99%
15 Karim Benzema 21/22
92%
15 Robert Lewandowski 19/20
86%
13 Robert Lewandowski 21/22
86%
11* Erling Haaland 22/23
83%
10 Erling Haaland 20/21
83%
10 Erling Haaland 19/20
83%
11 Mohamed Salah 17/18
60%
10 Zlatan Ibrahimovic 13/14
30%
12 Ruud Van Nistelrooy 02/03
19%
11 Sebastien Haller 21/22
19%
12 Mario Gomez 11/12
13%
Aucun quiz correspondant
Distribution des résultats
% des personnes avec chaque résultat
Percentile par nombre de réponses
Votre historique - résultats
Vous n’avez pas pris ce quiz